Plants as indicators of ground water / (Record no. 26612)

MARC details
000 -LEADER
fixed length control field 00863cam a22002531 4500
001 - CONTROL NUMBER
control field gs 28000048
003 - CONTROL NUMBER IDENTIFIER
control field DLC
005 - DATE AND TIME OF LATEST TRANSACTION
control field 20260227111332.0
008 - FIXED-LENGTH DATA ELEMENTS--GENERAL INFORMATION
fixed length control field 771207s1927 dcuaf b 000 0 eng c
010 ## - LIBRARY OF CONGRESS CONTROL NUMBER
LC control number gs 28000048
035 ## - SYSTEM CONTROL NUMBER
System control number (OCoLC)3469366
040 ## - CATALOGING SOURCE
Original cataloging agency Library, U. S. Geological Survey
Transcribing agency CCC
Modifying agency CCC
-- OCoLC
-- DLC
042 ## - AUTHENTICATION CODE
Authentication code premarc
050 00 - LIBRARY OF CONGRESS CALL NUMBER
Classification number TC801
Item number .U2 no. 577
051 ## - LIBRARY OF CONGRESS COPY, ISSUE, OFFPRINT STATEMENT
Classification number GB1005
Item number .M4
100 1# - MAIN ENTRY--PERSONAL NAME
Personal name Meinzer, O. E.
Fuller form of name (Oscar Edward),
Dates associated with a name 1876-1948.
245 10 - TITLE STATEMENT
Title Plants as indicators of ground water /
Statement of responsibility, etc. by Oscar Edward Meinzer.
260 ## - PUBLICATION, DISTRIBUTION, ETC.
Place of publication, distribution, etc. Washington :
Name of publisher, distributor, etc. U.S. Govt. Print. Off.,
Date of publication, distribution, etc. 1927.
300 ## - PHYSICAL DESCRIPTION
Extent v, 95 p. :
Other physical details incl. illus., tables, 12 pl. ;
Dimensions 23 cm.
490 0# - SERIES STATEMENT
Series statement U. S. Geoloical survey. Water-supply paper 577
500 ## - GENERAL NOTE
General note At head of title: Department of the Interior.
504 ## - BIBLIOGRAPHY, ETC. NOTE
Bibliography, etc. note Bibliographical foot-notes.
650 #0 - SUBJECT ADDED ENTRY--TOPICAL TERM
Topical term or geographic name entry element Groundwater.

No items available.

Powered by Koha